000
00284nam a22001217a 4500
003
SGT
082
_a
080
_b
P17K
100
_a
KANNAN, K.S.
245
_a
PROCEEDINGS OF THE SWADESHI INDOLOGY CONFERENCE-1
260
_b
SWADESHI INDOLOGY ACADEMY
_c
2017
300
_a
399
942
_2
ddc
_c
BK
999
_c
31489
_d
31489